| 000 | 00986nam0a22002411 4500 | ||
|---|---|---|---|
| 001 | rc\2738734 | ||
| 005 | 20260406143129.0 | ||
| 035 | _a(NLR Aleph) 006865940 | ||
| 090 |
_a6896683 _c6896683 |
||
| 100 | _a20110915d1937 |||y0rusy50 ca | ||
| 101 | 0 | _arus | |
| 102 | _aRU | ||
| 105 | _ay z ||||| | ||
| 200 | 1 | _aИнструкция об условиях допуска и порядке отбора лучших животных (экспонатов) на Всесоюзную сельскохозяйственную выставку | |
| 210 |
_aМосква _cизд. и тип. Изд-ва Наркомзема СССР _d1937 |
||
| 215 |
_a23 с. _d21х15 см. |
||
| 710 | 1 | 2 |
_aВсесоюзная сельскохозяйственная выставка _bГлавный комитет _eМосква _f1938 _9340712 _3RU\NLR\AUTH\889922352 |
| 801 | 0 |
_aRU _bNLR _gpsbo |
|
| 801 | 1 |
_aRU _bELAR _2rusmarc |
|
| 852 |
_aNLR _j37-10/5018 |
||
| 942 | _cBOOK | ||
| 980 | _aNB | ||